Sports Quiz

Random Sports or World Cup Quiz

Palmeiras' players in World Cups Quiz Stats

 Plays Quiz not verified by Sporcle

Challenge
Share
Tweet
Embed
Score 0/24 Timer 10:00
0 Plays Today
% Correct
Leão
95%
Valdivia
95%
Djalma Santos
92.5%
Marcos
92.5%
Ademir da Guia
90%
Mazinho
90%
Arce
90%
Zinho
87.5%
Luís Pereira
83.8%
Mazzola
77.5%
Leivinha
77.5%
Freddy Rincón
71.3%
% Correct
Jair Rosa Pinto
70%
César Maluco
68.8%
Vavá
67.5%
Gamarra
65%
Baldocchi
48.8%
Mendonça
45%
Alfredo
42.5%
Humberto Tozzi
33.8%
Rodrigues
26.3%
Zequinha
26.3%
Diogo
25%
Luizinho
20%

You're not logged in!

Compare scores with friends on all Sporcle quizzes.
Join for Free
OR
Log In

You Might Also Like...

Show Comments

Extras

Top Quizzes Today


Score Distribution

Your Account Isn't Verified!

In order to create a playlist on Sporcle, you need to verify the email address you used during registration. Go to your Sporcle Settings to finish the process.

Report this User

Report this user for behavior that violates our Community Guidelines.

Details: